000 00798nam a2200265Ia 4500
003 OSt
005 20220918171336.0
006 a|||||r|||| 00| 0
007 ta
008 220917b |||||||| |||| 00| 0 eng d
020 _a9781509507085 (pbk)
_cUSD 26.95
024 _a317,416
037 _bBBS/32, 23/02/2017, Better Book Services
_cTextual
040 _aARTS
_cARTS
_beng
041 _2eng
_aeng
082 _aX.6, Q6
100 _aCarmody Padraig Au.
_935962
245 0 _aNew scramble for Africa
250 _a2nd
260 _aCambridge
_bPolity press UK
_c2016
300 _axiii,282p.
_ccm.
650 _aAFRICA - ECONOMIC CONDITIONS
_932254
942 _hX.6, Q6
_cTEXL
_2CC
999 _c139137
_d139137